Ship fire prevention / (Record no. 3348)
[ view plain ]
| 000 -LEADER | |
|---|---|
| fixed length control field | 02819cam a2200421 i 4500 |
| 006 - FIXED-LENGTH DATA ELEMENTS--ADDITIONAL MATERIAL CHARACTERISTICS--GENERAL INFORMATION | |
| fixed length control field | m o d |
| 007 - PHYSICAL DESCRIPTION FIXED FIELD--GENERAL INFORMATION | |
| fixed length control field | cr bn||||||abp |
| 007 - PHYSICAL DESCRIPTION FIXED FIELD--GENERAL INFORMATION | |
| fixed length control field | cr bn||||||ada |
| 008 - FIXED-LENGTH DATA ELEMENTS--GENERAL INFORMATION | |
| fixed length control field | 100406s1964 enka o 000 0 eng d |
| 020 ## - INTERNATIONAL STANDARD BOOK NUMBER | |
| International Standard Book Number | 9781483199979 |
| Qualifying information | (electronic bk.) |
| 020 ## - INTERNATIONAL STANDARD BOOK NUMBER | |
| International Standard Book Number | 1483199975 |
| Qualifying information | (electronic bk.) |
| 020 ## - INTERNATIONAL STANDARD BOOK NUMBER | |
| International Standard Book Number | 1483225003 |
| 020 ## - INTERNATIONAL STANDARD BOOK NUMBER | |
| International Standard Book Number | 9781483225005 |
| 040 ## - CATALOGING SOURCE | |
| Original cataloging agency | IMU Kochi Library |
| Language of cataloging | eng |
| 041 0# - LANGUAGE CODE | |
| Language code of text/sound track or separate title | eng |
| 082 04 - DEWEY DECIMAL CLASSIFICATION NUMBER | |
| Classification number | 623.854 |
| 100 1# - MAIN ENTRY--PERSONAL NAME | |
| Personal name | Bennett, Alfred John Stevens. |
| 245 10 - TITLE STATEMENT | |
| Title | Ship fire prevention / |
| 260 ## - PUBLICATION, DISTRIBUTION, ETC. (IMPRINT) | |
| Place of publication, distribution, etc | Oxford : |
| Name of publisher, distributor, etc | Pergamon Press ; |
| Place of publication, distribution, etc | New York : |
| Name of publisher, distributor, etc | Macmillan, |
| Date of publication, distribution, etc | 1964. |
| 300 ## - PHYSICAL DESCRIPTION | |
| Extent | 1 online resource (xvii, 157 pages) : |
| Other physical details | illustrations (some color) |
| 490 1# - SERIES STATEMENT | |
| Series statement | The Commonwealth and international library of science, technology, engineering, and liberal studies : Marine engineering division ; |
| Volume number/sequential designation | v. 1 |
| 505 0# - FORMATTED CONTENTS NOTE | |
| Formatted contents note | Front Cover; Ship Fire Prevention; Copyright Page; Table of Contents; ACKNOWLEDGEMENTS; UNITS; PREFACE; INTRODUCTION; PART ONE:MATERIALS AND METHODS; CHAPTER 1. DETAILS OF FIRE-FIGHTING EQUIPMENT; A. GENERAL; B. FIRST AID EXTINGUISHERS; C. MAJOR EQUIPMENT; D. BREATHING APPARATUS AND PROTECTIVE CLOTHING; CHAPTER 2. FIRE PUMPS; DUAL PURPOSE AND SINGLE PURPOSE PUMPS; TYPES OF FIRE PUMPS; PRINCIPLES OF THE CENTRIFUGAL PUMP; ESTIMATION OF HEAD; TYPES OF PRIMING DEVICE; NON SELF-PRIMING PUMPS; SUBMERSIBLE PUMPS; THE WORTHINGTON SIMPSON EMERGENCY SUBMERSIBLE FIRE AND BILGE PUMP |
| 505 8# - FORMATTED CONTENTS NOTE | |
| Formatted contents note | GAS TURBINE DRIVEN EMERGENCY PUMPSCHAPTER 3. THE EFFECT OF FREE WATER ON SHIP STABILITY; EFFECT ON METACENTRIC HEIGHT; LARGE ANGLES OF HEEL; PRACTICAL CONSIDERATIONS; TRIM; 4. EXTRACTS FROM RULES AND REGULATIONS; PASSENGER SHIPS; ELECTRICAL RULES; AMERICAN RULES; PART TWO:ENGINEERING ASPECTS; 5. ANTI-FIRE DATA FOR FUELS; SPONTANEOUS COMBUSTION; MEASUREMENTS RELATING TO FIRE RISK; FLAMMABILITY; CHAPTER6. PROTECTION OF STEAM RAISING PLANT; FIRES IN BOILER ROOMS; FIRES IN GAS HEAT EXCHANGERS; CHAPTER 7. PREVENTION OF EXPLOSIONS; STATIC ELECTRICITY; CRANKCASE FIRE RISK; PROTECTION IN TANKERS |
| 505 8# - FORMATTED CONTENTS NOTE | |
| Formatted contents note | LIQUID GAS CARRIERSCHAPTER 8. SHIPS IN PORT; FIRE BRIGADES; SPECIFIC CASES OF FIRES; CONCLUSION; QUESTIONS; ANSWERS TO QUESTIONS; INDEX |
| 546 ## - LANGUAGE NOTE | |
| Language note | English. |
| 650 #0 - SUBJECT ADDED ENTRY--TOPICAL TERM | |
| Topical term or geographic name as entry element | Ships |
| General subdivision | Fires and fire prevention. |
| 650 #6 - SUBJECT ADDED ENTRY--TOPICAL TERM | |
| Topical term or geographic name as entry element | Navires |
| General subdivision | Incendies et pr�evention des incendies. |
| 650 #7 - SUBJECT ADDED ENTRY--TOPICAL TERM | |
| Topical term or geographic name as entry element | Ships |
| General subdivision | Fires and fire prevention. |
| Source of heading or term | fast |
| 830 #0 - SERIES ADDED ENTRY--UNIFORM TITLE | |
| Uniform title | Commonwealth and international library of science, technology, engineering, and liberal studies : Marine engineering division ; |
| Volume number/sequential designation | v. 1. |
| 852 ## - LOCATION/CALL NUMBER | |
| Location | IMU Kochi Library |
| 856 ## - ELECTRONIC LOCATION AND ACCESS | |
| Uniform Resource Identifier | <a href="https://www.sciencedirect.com/science/book/9781483199979">https://www.sciencedirect.com/science/book/9781483199979</a> |
| 904 ## - LOCAL DATA ELEMENT D, LDD (RLIN) | |
| CATALOGER | Rudra Ranjan |
| 905 ## - LOCAL DATA ELEMENT E, LDE (RLIN) | |
| VERIFIER | Rudra Ranjan |
| 942 ## - ADDED ENTRY ELEMENTS (KOHA) | |
| Item type | E-Book |
| 338 ## - | |
| -- | online resource |
| 650 #6 - SUBJECT ADDED ENTRY--TOPICAL TERM | |
| -- | (CaQQLa)201-0115568 |
| 650 #7 - SUBJECT ADDED ENTRY--TOPICAL TERM | |
| -- | (OCoLC)fst01116489 |
No items available.